000 00897nmm a2200265 a 4500
001 ocm000999450
003 TR-IsHL
005 20201028151416.0
008 150709s1990 tu tur
007 cr cn
035 _a999450
_b(N$T)
050 0 4 _aKKX4604.5
_b.Y87 1990
090 0 4 _aKKX4604.5
_b.Y87 1990
100 1 _aYurtcan, Erdener
245 1 0 _aNotlu, açıklamalı, içtihatlı Ceza Muhakemeleri Usulü Kanunu ve ilgili mevzuat
_h[electronic resource] /
_cErdener Yurtcan
250 _aYenilenmiş 7. bs.
260 _aİstanbul :
_bErdener Yurtcan Kitaplığı,
_c1990
300 _a625 p.
650 4 _aHukuk
650 4 _aLaw
650 0 _aCeza yargılaması
_xTürkiye
650 0 _aCriminal procedure
_xTurkey
650 7 _aLAW / Criminal Law / General
_2bisacsh
856 4 0 _uhttp://search.ebscohost.com/login.aspx?direct=true&scope=site&db=e011xww&AN=999450
999 _c10991
_d10991